000 00265nam a2200097Ia 4500
005 20251222114343.0
008 251222s1900||||xx |||||||||||||| ||spa||
082 _aDVD0195/U61P/2005
245 0 _aCharla: Los principios fundamentales de la "Gaudium et Spes":
942 _cDVD
999 _c927
_d927